| 000 | 00810cam a22002651 4500 | ||
|---|---|---|---|
| 001 | gs 42000298 | ||
| 003 | DLC | ||
| 005 | 20260227111348.0 | ||
| 008 | 750916m19261950dcu 000 0 eng | ||
| 010 | _ags 42000298 | ||
| 035 | _a(OCoLC)1628274 | ||
| 040 |
_aDLC _cF _dOCoLC _dDLC |
||
| 042 | _apremarc | ||
| 050 | 0 | 0 |
_aQE75 _b.P9 no. 142 |
| 082 | _a557.3 | ||
| 100 | 1 |
_aGardner, Julia Anna, _d1882- |
|
| 245 | 1 | 4 | _aThe molluscan fauna of the Alum Bluff group of Florida. |
| 260 |
_aWashington, _bU.S. Govt. Print. Off., _c1926-50. |
||
| 300 |
_a9 v. (709 p.) _bplates, fold, map. _c29 cm. |
||
| 490 | 0 | _aU.S. Geological Survey. Professional paper 142. | |
| 504 | _aBibliographical footnotes. | ||
| 650 | 0 | _aMollusks, Fossil. | |
| 650 | 0 |
_aPaleontology _yMiocene. |
|
| 650 | 0 |
_aPaleontology _zFlorida. |
|
| 999 |
_c27841 _d27841 |
||